000 00769nam a2200217Ia 4500
001 9388
003 GE_BSU
008 181216s||||||||xx |||||||||||||| ||und||
040 _cGE_BSU
080 _a821.353.1–31
100 _aმაისურაძე,გოგი
245 _aკაცრიელ თუთბერიძის სახლეულნი
245 _bრომანი
245 _cრედ. სიგუა ს.მხატვ.ვ. გულისაშვილი
260 _aთბილისი
260 _bსაბჭოთა საქართველო
260 _c1973
300 _a262გვ.20სმ.
653 _aკაცრიელ თუთბერიძის სახლეულნი
942 _cBK
999 _c42684
_d42684